000 02260cam a2200337 a 4500
005 20060727182454.0
010 _aENG-95527 B-444943-948
020 _a9780198064121
_c395.00
035 _aEN-79060 B-444943-948
037 _bDBAD/PUB
037 _bRBC/Ven
082 _a954.01
100 _aChakrabarti, Dilip K.
_950725
245 _aIndia, an archaeological history :
_bpalaeolithic beginnings to early historic foundations /
_cDilip K. Chakrabarti.
250 _a2nd ed.
260 _aNew Delhi ;
_bOxford University Press,
_c2009
300 _axvi, 394 p. :
_bill., maps ;
_c23 cm.(Pbk)
500 _aIncludes bibliographical references and index.
650 _aExcavations (Archaeology)
_zIndia.
_950726
650 _aArchaeology
_zIndia.
_950727
942 _2ddc
_cEN
_mCHA
_h954.01
999 _c31993
_d31993